[Event "Goodricke 10th op"]
[Site "Calcutta"]
[Date "1999.02.08"]
[Round "3"]
[White "Koneru, Humpy"]
[Black "Chandar, Sandipan"]
[Result "1/2-1/2"]
[WhiteElo "2160"]
[BlackElo "2405"]

1.c4 c6 2.Nf3 d5 3.g3 Nf6 4.Bg2 Nbd7 5.cxd5 cxd5 6.d4 e6 7.O-O Bd6 8.Nc3 O-O
9.Bf4 Bxf4 10.gxf4 Nb6 11.e3 Bd7 12.Ne5 Rc8 13.Rc1 Nc4 14.Qe2 Nd6 15.Rc2 Bb5
16.Nxb5 Rxc2 17.Qxc2 Nxb5 18.Rc1 Qb6 19.Qc5 Nd6 20.Qxb6 axb6 21.Kf1 Ra8 22.a3 Rc8
23.Rxc8+ Nxc8 24.a4 Kf8 25.Ke2 Ke7 26.Kd3 Nd6 27.b3 Nd7 28.Nxd7 Kxd7 29.Bf1 Ne4
30.f3 Nd6 31.Kd2 Kc6 32.Bd3 g6 33.Kc3 b5 34.a5 Ne8 35.Kb4 Nc7 36.Kc3 Na6
37.Be2 b4+ 38.Kd2 Nc7 39.Bd3 Nb5 40.Bxb5+ Kxb5 41.Ke2 Kxa5 42.Kf2 Kb5 43.Kg3 Kc6
44.Kg4 h6 45.h4 Kd6 46.f5 exf5+ 47.Kg3 f4+ 48.Kxf4 Ke6 49.Kg4 Kf6 50.h5 Kg7
51.e4 f5+ 52.exf5 gxh5+ 53.Kxh5 b6 54.f6+ Kf7 55.Kxh6 Kxf6 56.Kh7 Kf7 57.Kh8 Kf8
58.Kh7 Kf7 59.Kh6 Kf6 60.Kh7 Kf7 61.Kh6  1/2-1/2

[Event "Goodricke 10th op"]
[Site "Calcutta"]
[Date "1999.02.12"]
[Round "7"]
[White "Subbaraman, Vijayalakshmi"]
[Black "Chandar, Sandipan"]
[Result "0-1"]
[WhiteElo "2325"]
[BlackElo "2405"]

1.c4 c6 2.Nc3 d5 3.d4 Nf6 4.Nf3 e6 5.cxd5 exd5 6.Bg5 Be7 7.Qc2 g6 8.e3 Bf5
9.Bd3 Bxd3 10.Qxd3 Nbd7 11.O-O O-O 12.Rae1 Re8 13.Nd2 Qb6 14.Nb3 a5 15.Na4 Qb4
16.Nac5 Bxc5 17.Bxf6 Bf8 18.Bg5 a4 19.Nd2 Bg7 20.Rb1 h6 21.Bf4 Nf6 22.b3 Nh5
23.Bg3 Nxg3 24.hxg3 Qa3 25.Qc2 axb3 26.axb3 Qb4 27.Ra1 Ra3 28.Rxa3 Qxa3 29.Rb1 Bf8
30.Nf3 Ra8 31.Ne5 Qb4 32.f4 Bg7 33.Nd3 Qe7 34.Kf2 Qe4 35.Rb2 Ra1 36.Nc5 Qe7
37.Ra2 Rh1 38.Nd3 h5 39.Ne5 h4 40.Nf3 hxg3+ 41.Ke2 Bf6 42.Qd3 Kg7 43.Ra7 Qb4
44.Ra4 Qb6 45.Nd2 c5 46.dxc5 Qxc5 47.Nf1 Rg1 48.Kf3 Qc3 49.Qe2 d4 50.Nxg3 d3
51.Qf2 d2 52.Qxg1 Qc1  0-1

[Event "Goodricke 10th op"]
[Site "Calcutta"]
[Date "1999.02.13"]
[Round "8"]
[White "Koshy, Varugeese"]
[Black "Abdulla, Al Rakib"]
[Result "1/2-1/2"]
[WhiteElo "2365"]
[BlackElo "2405"]

1.c4 c6 2.Nf3 d5 3.e3 Bg4 4.Qb3 Qc7 5.cxd5 cxd5 6.Nc3 Bxf3 7.gxf3 e6 8.d4 Nc6
9.Bd2 Nf6 10.Rc1 a6 11.Na4 Nd7 12.Bb4 Bxb4+ 13.Qxb4 Qa5 14.Qxa5 Nxa5 15.Nc5 Nxc5
16.dxc5 Ke7 17.f4 Rhc8 18.Kd2 Rc7 19.Bd3 Rac8 20.b4 Nc6 21.a3 f5 22.Rhg1 Kf6
23.Kc3 d4+ 24.Kb3 Rd8 25.Rgd1 Rcd7 26.Be2 e5 27.fxe5+ Kxe5 28.Bf3 dxe3 29.Rxd7 Rxd7
30.fxe3 g5 31.Kc3 g4 32.Bg2 h5 33.a4 h4 34.b5 axb5 35.axb5 Nd8 36.c6 bxc6
37.bxc6 Rc7 38.Kb4 h3 39.Bh1 Nxc6+ 40.Bxc6 f4 41.exf4+ Kxf4 42.Rc4+ Kg5 43.Kc5 Ra7
44.Rc2 g3 45.hxg3 Kg4 46.Rc3 Rc7 47.Kd6 Rxc6+ 48.Kxc6  1/2-1/2

[Event "RUS-Cup03 (Geller mem)"]
[Site "Moscow"]
[Date "1999.02.13"]
[Round "4"]
[White "Korobov, Ilya"]
[Black "Daschian, Nikolai V"]
[Result "0-1"]
[WhiteElo "2372"]
[BlackElo "2435"]

1.c4 c6 2.Nf3 d5 3.d4 Nf6 4.Nc3 dxc4 5.a4 Bf5 6.Nh4 e6 7.Nxf5 exf5 8.e3 Bd6
9.Bxc4 Qe7 10.Qf3 g6 11.h3 h5 12.O-O O-O 13.Bd2 Nbd7 14.Qe2 Rad8 15.Rad1 Nb6
16.Bb3 Bb8 17.a5 Qd6 18.f4 Nbd5 19.Nxd5 cxd5 20.Qb5 Qe7 21.Rfe1 Bd6 22.Bc2 Rc8
23.Rc1 a6 24.Qb3 Rc7 25.Bd3 Rfc8 26.Rxc7 Rxc7 27.Kf2 Ne4+ 28.Bxe4 fxe4 29.Ke2 Rc4
30.Rc1 Rxc1 31.Bxc1 Qc7 32.Bd2 Qc6 33.g4 hxg4 34.hxg4 Qd7 35.f5 Be7 36.Kd1 gxf5
37.gxf5 Kg7 38.Kc1 Kf6 39.Kb1 Kxf5 40.Qd1 Kg6 41.Qg1+ Bg5 42.Qg3 Qb5 43.Qd6+ f6
44.Qg3 b6 45.axb6 Qxb6 46.Qh3 Qb5 47.Qg3 Qf1+ 48.Kc2 Kh5 49.b4 Qd3+ 50.Kc1 Qa3+
51.Kc2 Qa2+ 52.Kc1 Qa1+ 53.Kc2 Qf1 54.Kb2 Qf3 55.Qh2+ Kg4 56.Qg1+ Kh3 57.Kc2 Qg2
58.Qe1 Qf3 59.Kb3 Kg2 60.Qc1 Qe2 61.Ka4 Kf2 62.Qb2 Bxe3 63.Bxe3+ Kxe3 64.Qc1+ Qd2
65.Qg1+ Kd3 66.Ka5 e3 67.Qg3 Kc2 68.Qc7+ Kb2 69.Qf4 Qd3 70.Kb6 e2 71.Qf2 Qd2  0-1

[Event "Budapest FS02 IM"]
[Site "Budapest"]
[Date "1999.02.14"]
[Round "9"]
[White "Farago, Sandor"]
[Black "Vadasz, Laszlo"]
[Result "1/2-1/2"]
[WhiteElo "2314"]
[BlackElo "2300"]

1.c4 c6 2.e4 d5 3.exd5 cxd5 4.d4 Nf6 5.Nc3 e6 6.Nf3 Bb4 7.Bd3 dxc4 8.Bxc4 O-O
9.O-O b6 10.Bg5 Bb7 11.Ne5 Bxc3 12.bxc3 Qc7 13.Bxf6 gxf6 14.Qg4+ Kh8 15.Qh4 fxe5
16.Qf6+ Kg8 17.Qg5+  1/2-1/2

[Event "Cappelle op"]
[Site "Cappelle la Grande"]
[Date "1999.02.14"]
[Round "2"]
[White "Akopian, Vladimir"]
[Black "Legky, Nikolay A"]
[Result "1-0"]
[WhiteElo "2640"]
[BlackElo "2487"]

1.c4 c6 2.d4 d5 3.Nc3 dxc4 4.e4 b5 5.a4 b4 6.Na2 e5 7.Nf3 exd4 8.Bxc4 Ba6
9.Qb3 Bxc4 10.Qxc4 Nf6 11.O-O c5 12.Ng5 Qd7 13.e5 Nd5 14.e6 fxe6 15.Re1 Be7
16.Nxe6 Nc6 17.Nxc5 Qf5 18.Ne6 Kf7 19.Qxc6  1-0

[Event "Cappelle op"]
[Site "Cappelle la Grande"]
[Date "1999.02.20"]
[Round "8"]
[White "Miezis, Normunds"]
[Black "Kharlov, Andrei"]
[Result "1/2-1/2"]
[WhiteElo "2525"]
[BlackElo "2600"]

1.c4 c6 2.e4 d5 3.cxd5 cxd5 4.exd5 Qxd5 5.Nc3 Qd6 6.Nf3 Nf6 7.Bc4 e6 8.O-O Be7
9.d4 O-O 10.Ne5 Nc6 11.Bf4 Qd8 12.d5 exd5 13.Nxd5 Nxd5 14.Bxd5 Nxe5 15.Bxe5 Bf6  1/2-1/2

[Event "BL2-W9899"]
[Site "Germany"]
[Date "1999.02.21"]
[Round "6.3"]
[White "Davies, Nigel R"]
[Black "Kuijf, Marinus"]
[Result "0-1"]
[WhiteElo "2515"]
[BlackElo "2450"]

1.c4 c6 2.Nf3 d5 3.Qb3 Nf6 4.g3 g6 5.Bg2 Bg7 6.O-O O-O 7.d3 Re8 8.Bf4 Nbd7
9.d4 dxc4 10.Qxc4 Nh5 11.Be3 e5 12.Qc2 Nhf6 13.Nc3 Ng4 14.Bg5 Qa5 15.b4 Qxb4
16.Rab1 Qa5 17.Ne4 exd4 18.Nd6 Re6 19.Nxc8 Rxc8 20.Rxb7 Nb6 21.h3 Qa6 22.Rxb6 axb6
23.hxg4 Rxe2 24.Bd2 c5 25.Re1 d3 26.Qb1 Rxe1+ 27.Nxe1 c4 28.Be3 Rd8 29.Bg5 Re8
30.Be3 h6 31.Bc6 Re5 32.a4 Qa5 33.Nf3 Rxe3 34.fxe3 Qc5 35.Qb5 c3  0-1

[Event "BL2-W9899"]
[Site "Germany"]
[Date "1999.02.21"]
[Round "6.6"]
[White "Kamp, Christoph"]
[Black "Schlecht, Daniel"]
[Result "1/2-1/2"]
[WhiteElo "2325"]
[BlackElo "2377"]

1.c4 c6 2.e4 d5 3.exd5 cxd5 4.cxd5 Nf6 5.Qa4+ Nbd7 6.Nc3 g6 7.Nf3 Bg7 8.Qb3 O-O
9.Bc4 Nc5 10.Qa3 Nce4 11.O-O Nd6 12.d3 Bf5 13.Re1 a6 14.Nd4 Bd7 15.Bf4 Ng4
16.Nf3 b5 17.Bxd6 exd6 18.Qxd6 bxc4 19.h3 Nxf2 20.Kxf2 cxd3 21.Re7 Bf5 22.Qxd8 Rfxd8
23.g4 Rab8 24.Nd1 Bxb2 25.Nxb2 Rxb2+ 26.Kg3 Bd7 27.Ne5 Be8  1/2-1/2

[Event "United Insurance 4th"]
[Site "Dhaka"]
[Date "1999.02.28"]
[Round "10"]
[White "Rahman, Ziaur"]
[Black "Neelotpal, Das"]
[Result "1/2-1/2"]
[WhiteElo "2498"]
[BlackElo "2436"]

1.c4 c6 2.e4 d5 3.cxd5 cxd5 4.exd5 Nf6 5.Qa4+ Nbd7 6.Nc3 g6 7.Nf3 Bg7 8.Bc4 O-O
9.d3 a6 10.Qa3 Nb6 11.Qb3 Bg4 12.Be3 Nbd7 13.Qxb7 Bxf3 14.gxf3 Rb8 15.Qxa6 Rxb2
16.Qa3 Rb8 17.Ke2 Ne5 18.Rab1 Rc8 19.Qa4 e6 20.Rb5 Nh5 21.Ne4 exd5 22.Rxd5 Qh4
23.Nd2 Nf4+ 24.Bxf4 Qxf4 25.Bb3 Qf6 26.Re1 Bh6 27.d4 Nc6 28.Ne4 Rce8 29.Rd1 Qf4
30.Qxc6 Rxe4+ 31.fxe4 Qxe4+ 32.Kf1 Qh1+ 33.Ke2 Qe4+ 34.Kf1 Qh1+ 35.Ke2 Qe4+  1/2-1/2

[Event "United Insurance 4th"]
[Site "Dhaka"]
[Date "1999.03.03"]
[Round "13"]
[White "Kunte, Abhijit"]
[Black "Abdulla, Al Rakib"]
[Result "1/2-1/2"]
[WhiteElo "2455"]
[BlackElo "2406"]

1.c4 c6 2.d4 d5 3.e3 Nf6 4.Nf3 g6 5.Nbd2 Bg7 6.b4 a5 7.b5 O-O 8.Ba3 Bg4 9.Rc1 Nbd7
10.Be2 cxb5 11.cxb5 Re8 12.O-O Bxf3 13.Nxf3  1/2-1/2

[Event "Bucharest TIT (Women)"]
[Site "Bucharest"]
[Date "1999.03.12"]
[Round "9"]
[White "Smokina, Karolina"]
[Black "Marin Ionescu, Luiza"]
[Result "1/2-1/2"]
[WhiteElo "2176"]
[BlackElo "2165"]

1.c4 c6 2.Nf3 d5 3.e3 Nf6 4.d4 a6 5.Qc2 b5 6.cxb5 cxb5 7.Nbd2 Bb7 8.Nb3 Nbd7
9.Nc5 Qc7 10.Bd3 Nxc5 11.Qxc5 Rc8 12.Qxc7 Rxc7 13.Bd2 e6 14.O-O Bd6 15.Rfc1  1/2-1/2

[Event "Bucharest TIT"]
[Site "Bucharest"]
[Date "1999.03.13"]
[Round "13"]
[White "Tikhomirov, Sergei"]
[Black "Chirila, Radu Catalin"]
[Result "1-0"]
[WhiteElo "2417"]
[BlackElo "2238"]

1.c4 c6 2.d4 d5 3.Nf3 e6 4.Nbd2 Nf6 5.e3 Nbd7 6.Bd3 Bd6 7.O-O O-O 8.e4 dxe4
9.Nxe4 Nxe4 10.Bxe4 c5 11.Bc2 Nf6 12.Qd3 h6 13.Be3 b6 14.Ne5 Bxe5 15.dxe5 Qxd3
16.Bxd3 Nd7 17.f4 Bb7 18.Rad1 Nb8 19.Bc2 Nc6 20.Rd7 Rab8 21.Rfd1 Rfd8 22.Ba4 Rxd7
23.Rxd7 Na5 24.b3 a6 25.Rd6 b5 26.cxb5 axb5 27.Bxb5 Bxg2 28.Ba6 Bd5 29.Bxc5 Nb7
30.Rb6 Rc8 31.b4 Rc7 32.Bd6 Rc6 33.Rxc6 Bxc6 34.Be7  1-0

[Event "NRW-Liga I 9899"]
[Site "GER"]
[Date "1999.03.16"]
[Round "7"]
[White "Hillenbrand, Michael"]
[Black "Weber, Rolf"]
[Result "0-1"]
[WhiteElo "2084"]
[BlackElo "2034"]

1.c4 c6 2.Nf3 Nf6 3.g3 d5 4.b3 Bg4 5.Bg2 Nbd7 6.Bb2 e6 7.O-O Bd6 8.d4 h5
9.Ne5 h4 10.f3 hxg3 11.hxg3 Bf5 12.Kf2 Qe7 13.Rh1 O-O-O 14.Nd2 Nxe5 15.dxe5 Bc5+
16.e3 Nd7 17.Bd4 f6 18.cxd5 exd5 19.exf6 gxf6 20.Rxh8 Rxh8 21.Nf1 Ne5 22.Bxe5 Qxe5
23.Rc1 d4 24.Rxc5 dxe3+ 25.Nxe3 Qxc5 26.b4 Qb6 27.Qd6 Rd8 28.Qf4 Be6 29.Bf1 Bxa2
30.Be2 Be6 31.Qxf6 Bd5 32.Qf5+ Kb8 33.Qe5+ Ka8 34.g4 Qxb4 35.Qc7 Qb6 36.Qe7 a5
37.g5 a4 38.g6 Rg8 39.Qa3 Qb3 40.Qe7 a3 41.Nxd5 cxd5 42.Qe6 Rb8 43.g7 a2
44.g8=Q Rxg8 45.Qxg8+ Ka7  0-1

[Event "Budapest FS03 IM"]
[Site "Budapest"]
[Date "1999.03.17"]
[Round "12"]
[White "Pham Minh Hoang"]
[Black "Turzo, Attila"]
[Result "0-1"]
[WhiteElo "2357"]
[BlackElo "2314"]

1.c4 c6 2.d4 d5 3.Nc3 Nf6 4.cxd5 cxd5 5.Bf4 Qb6 6.Qd2 Nc6 7.e3 Bf5 8.Bb5 e6
9.Nge2 Ne4 10.Nxe4 Bxe4 11.Bxc6+ bxc6 12.O-O Be7 13.Rfc1 O-O 14.Nc3 Bg6 15.Na4 Qb7
16.Nc5 Bxc5 17.Rxc5 f6 18.Rac1 Be8 19.Ra5 Bd7 20.Rc3 Qb4 21.Rac5 Rf7 22.Bd6 Qb7
23.Rb3 Qc8 24.Ra5 Be8 25.Qb4 h6 26.Bc5 e5 27.Rba3 Rb7 28.Qc3 Qf5 29.Qc1 Qh5
30.f3 e4 31.fxe4 Qe2 32.b3 Bg6 33.b4 Bxe4 34.Qf1 Qd2 35.Qf2 Qc1+ 36.Qf1 Qd2
37.h3 Kh7 38.Qf2 Qc1+ 39.Kh2 Qc4 40.Ra6 f5 41.Qg3 Qc1 42.R3a5 f4 43.exf4 Re8
44.Rxa7 Bxg2 45.Kxg2 Re2+ 46.Kf3 Qd1 47.Kg4 Re3+ 48.Kh4 g5+ 49.fxg5 hxg5+
50.Qxg5 Qe1+ 51.Kg4 Qe2+ 52.Kh4 Qf2+  0-1

[Event "BL2-O9899"]
[Site "Germany"]
[Date "1999.03.21"]
[Round "8.7"]
[White "Seuffert, Gabriel"]
[Black "Bade, Joern"]
[Result "1-0"]
[WhiteElo "2220"]
[BlackElo "2300"]

1.c4 c6 2.e4 d5 3.exd5 cxd5 4.cxd5 Nf6 5.Nc3 g6 6.Bc4 Bg7 7.Nf3 O-O 8.O-O Nbd7
9.d3 Nb6 10.Qb3 Bg4 11.Ne5 Qd6 12.Re1 Rad8 13.h3 Bc8 14.Bf4 Nh5 15.Bh2 Qc5
16.Rad1 Nf6 17.d4 Qa5 18.d6 e6 19.Be2 Ne8 20.Ne4 Qd5 21.Qe3 f6 22.Nc3 Qa5
23.Nc4 Qb4 24.Nxb6 axb6 25.Nb5 Bd7 26.a3 Qa4 27.Nc7 Nxc7 28.dxc7 Rc8 29.Bf3 Qa6
30.d5 e5 31.d6 Rfe8 32.Bd5+ Kh8 33.Qf3  1-0

[Event "Bundesliga 9899"]
[Site "Germany"]
[Date "1999.03.21"]
[Round "13.3"]
[White "Bunzmann, Dimitrij"]
[Black "Gisbrecht, Ewgeni"]
[Result "0-1"]
[WhiteElo "2555"]
[BlackElo "2405"]

1.c4 c6 2.Nc3 d5 3.d4 Nf6 4.cxd5 cxd5 5.Bf4 e6 6.e3 a6 7.Bd3 Bd6 8.Bxd6 Qxd6
9.f4 b5 10.Nf3 Bb7 11.O-O O-O 12.Qe1 Ne4 13.Qh4 f6 14.Nd2 f5 15.Nb3 Nd7 16.Na5 Rab8
17.Rfc1 Ba8 18.Qe1 Rfc8 19.a4 b4 20.Na2 Rxc1 21.Nxc1 Ndf6 22.Ncb3 g5 23.Qf1 Ng4
24.Qf3 Rc8 25.Rf1 h6 26.Qe2 Rc7 27.Rf3 Bc6 28.Nxc6 Qxc6 29.fxg5 hxg5 30.h3 Ngf6
31.g4 Qxa4 32.Nc5 Nxc5 33.dxc5 Rxc5 34.gxf5 e5 35.Qg2 Qd1+ 36.Kh2 Kf7 37.Be2 Qd2
38.Rg3 Rc2 39.Bf1 Qc1 40.Be2 Qxb2  0-1

[Event "Novgorod op"]
[Site "Novgorod"]
[Date "1999.03.21"]
[Round "3"]
[White "Kharlov, Andrei"]
[Black "Lastin, Alexander"]
[Result "1/2-1/2"]
[WhiteElo "2600"]
[BlackElo "2558"]

1.c4 c6 2.Nf3 Nf6 3.Nc3 d5 4.e3 e6 5.Qc2 Nbd7 6.d4 Bd6 7.e4 dxe4 8.Nxe4 Nxe4
9.Qxe4 c5 10.Bg5 Be7 11.Bxe7 Qa5+ 12.Nd2 Kxe7 13.O-O-O cxd4 14.Qxd4 Qe5 15.Qh4+ Nf6
16.f4 Qc7 17.Bd3 Bd7 18.Rhe1 Ba4 19.b3 Bc6 20.f5 Rhd8 21.Bc2 Qa5 22.Qg3 Kf8
23.fxe6 fxe6 24.Rxe6 Qxa2 25.Qc3 Qa3+ 26.Kb1 Rd6 27.Rxd6 Qxd6 28.Nf3 Qf4
29.Rd4 Qc7 30.Ng5 Re8 31.Rh4 Qe5 32.Qb4+ Kg8 33.Nf3  1/2-1/2

[Event "Schloss Open A 5th"]
[Site "Werther"]
[Date "1999.03.26"]
[Round "1"]
[White "Sulipa, Aleksandar"]
[Black "Geisler, Robert"]
[Result "1-0"]
[WhiteElo "2424"]
[BlackElo "2235"]

1.c4 c6 2.e4 e5 3.Nf3 d6 4.d4 Nd7 5.Nc3 Ngf6 6.Be2 Be7 7.O-O O-O 8.Rb1 a5
9.b3 Re8 10.Qc2 Qc7 11.Rd1 Bf8 12.h3 exd4 13.Nxd4 Nc5 14.Bf3 h6 15.Bf4 Bd7
16.Bg3 Rad8 17.a3 g6 18.b4 axb4 19.axb4 Ne6 20.Nxe6 Rxe6 21.c5 h5 22.cxd6 Bxd6
23.Rxd6 Rxd6 24.Nb5  1-0

[Event "Mar del Plata op 30th"]
[Site "Mar del Plata"]
[Date "1999.03.31"]
[Round "5"]
[White "Cordero, Alfredo"]
[Black "Soppe, Guillermo"]
[Result "1/2-1/2"]
[WhiteElo "2280"]
[BlackElo "2448"]

1.c4 c6 2.Nf3 d5 3.e3 Nf6 4.b3 e6 5.Be2 Nbd7 6.O-O Bd6 7.Bb2 O-O 8.d3 e5
9.cxd5 cxd5 10.Ba3 Bxa3 11.Nxa3 Qe7 12.Nc2 b6 13.d4 e4 14.Nd2 Bb7 15.Qb1 Ne8
16.Rc1 f5 17.b4 a6 18.a4 Nd6 19.a5 b5 20.Nb3 Nf6 21.Nc5 Rad8 22.Ra3 Bc8 23.Rc3 Kh8
24.Ne1 g5 25.f4 gxf4 26.exf4 Rg8 27.Nc2 Nc4 28.Ne3 Qg7 29.Bxc4 dxc4 30.Qb2 Rxd4
31.Qf2 Rd3 32.R3c2 Rd6 33.Re2 Rd3 34.Rce1 Qh6 35.Rf1 Rgd8 36.Rfe1 Qg7 37.h3 Qh6
38.Rf1 Rg8 39.Rd2 Rg6 40.Re1 Qg7 41.Rde2 Nh5 42.Rc2 Rdd6 43.Kh2 Qh6 44.Rf1 Nf6
45.Qe1 Rd8 46.Re2 Qg7 47.Rg1 Qh6 48.Rf1 Nh5  1/2-1/2

[Event "BEL-chT9899"]
[Site "Antwerp"]
[Date "1999.03.??"]
[Round "8"]
[White "Claesen, Pieter"]
[Black "Kuijf, Marinus"]
[Result "1/2-1/2"]
[WhiteElo "2407"]
[BlackElo "2450"]

1.c4 c6 2.Nf3 d5 3.e3 Nf6 4.b3 Bg4 5.Bb2 e6 6.h3 Bxf3 7.gxf3 Nbd7 8.cxd5 cxd5
9.Nc3 Be7 10.Ne2 O-O 11.Ng3 Qa5 12.Bd3 Ba3 13.Bc3 Bb4 14.Bb2 Ba3 15.Bc3 Bb4
16.Bb2  1/2-1/2

[Event "Dreifluesse op 7th"]
[Site "Passau"]
[Date "1999.04.02"]
[Round "1"]
[White "Schneider, Udo"]
[Black "Knopp, Ingmar"]
[Result "0-1"]
[WhiteElo "1475"]
[BlackElo "2055"]

1.c4 c6 2.d4 d5 3.Nc3 Nf6 4.Nf3 Nbd7 5.Qc2 g6 6.Bf4 Bg7 7.cxd5 cxd5 8.e3 Qa5
9.Bd3 O-O 10.O-O Nb6 11.a3 Nc4 12.Bxc4 dxc4 13.b4 Qh5 14.Ne4 b5 15.Nxf6+ Bxf6
16.a4 Bf5 17.e4 Bg4 18.Ne5 g5 19.Bg3 h6 20.f3 Be6 21.d5 Bxe5 22.Bxe5 Bd7
23.a5 Qg6 24.Bd4 Rfe8 25.Qc3 h5 26.Rae1 Rac8 27.f4 f6 28.e5 Bf5 29.exf6 gxf4
30.Rxe7 Rxe7 31.fxe7 Be4 32.Qb2 f3 33.g3 Bxd5 34.Re1 Re8 35.Bc5 Qf5 36.Qe5 Qf7
37.Qg5+ Kh7 38.Re5 c3 39.Qxh5+ Qxh5 40.Rxh5+ Kg6 41.Rxd5 c2 42.Be3 Rxe7 43.Kf2 Rxe3
44.Kxe3 c1=Q+ 45.Kf2 Qc2+ 46.Kxf3 Qc6 47.Ke4  0-1

[Event "Dreifluesse op 7th"]
[Site "Passau"]
[Date "1999.04.02"]
[Round "2"]
[White "Callenberg, Ralf"]
[Black "Schuetz, Michael"]
[Result "1-0"]
[WhiteElo "2073"]
[BlackElo "1760"]

1.c4 c6 2.b3 d5 3.Bb2 Nf6 4.Nf3 Bf5 5.g3 e6 6.Bg2 Bd6 7.O-O Nbd7 8.d3 O-O
9.cxd5 exd5 10.Nbd2 Re8 11.Re1 Qb6 12.Rc1 Ng4 13.Bd4 Bc5 14.Rxc5 Nxc5 15.Qc2 Re6
16.Bxc5 Qc7 17.Nd4 Rf6 18.Nxf5 Rxf5 19.Bh3 h5 20.f3 Nxh2 21.Kxh2 Rg5 22.Bf2 h4
23.Nf1 Re8 24.Qd2 Rh5 25.Kg2 hxg3 26.Bxg3 Qb6 27.Bg4 Rh6 28.d4 Kh7 29.Bf4 Rg6
30.Ng3  1-0

[Event "Dreifluesse op 7th"]
[Site "Passau"]
[Date "1999.04.03"]
[Round "3"]
[White "Auer, Conny"]
[Black "Apel, Klaus"]
[Result "1-0"]
[WhiteElo "2090"]
[BlackElo "1790"]

1.c4 c6 2.Nc3 d5 3.cxd5 cxd5 4.d4 Nf6 5.Nf3 Nc6 6.g3 Bf5 7.Bg2 e6 8.O-O Bd6
9.e3 O-O 10.Nh4 Ne7 11.Nxf5 Nxf5 12.Bd2 Qd7 13.Rc1 Rac8 14.Qe2 a6 15.Rc2 Rc7
16.Rfc1 Rfc8 17.Qd3 Ne7 18.a3 Ne8 19.Bf3 f5 20.Bd1 Nf6 21.b4 Qe8 22.Na4 Rxc2
23.Rxc2 Rxc2 24.Qxc2 Qc8 25.Qxc8+ Nxc8 26.Nc5 Bxc5 27.bxc5 Na7 28.f3 Kf7
29.Kf2 g6 30.h3 h5 31.Be1 Nc6 32.g4 hxg4 33.hxg4 e5 34.gxf5 gxf5 35.dxe5 Nxe5
36.Bc2 Ke6 37.Bc3 Nc6 38.Kg3 Nd7 39.Bd4 Ndb8 40.Kf4 Ne7 41.Kg5 Nd7 42.Ba4 Ne5
43.Bd1 Nf7+ 44.Kh5 Nc6 45.f4 Nfd8 46.Bc3 Nb8 47.Kg6 Nd7 48.Bd4 Nf8+ 49.Kg7 Nd7
50.Bh5 Nb8 51.Bg6 Ndc6 52.Bf7+  1-0

[Event "Dreifluesse op 7th"]
[Site "Passau"]
[Date "1999.04.03"]
[Round "3"]
[White "Prusikin, Mikhajlo"]
[Black "Riediger, Martin"]
[Result "1-0"]
[WhiteElo "2445"]
[BlackElo "2202"]

1.c4 c6 2.Nc3 d5 3.e3 e5 4.d4 exd4 5.exd4 Nf6 6.Nf3 Be7 7.h3 O-O 8.Bd3 dxc4
9.Bxc4 b5 10.Bb3 b4 11.Ne2 Nbd7 12.O-O c5 13.Re1 Bb7 14.Ng3 Bd6 15.Nf5 Nb6
16.Ne5 Bd5 17.Bg5 Be6 18.Qf3 Bxf5 19.Qxf5 Qc8 20.Qf3 Nbd7 21.Rac1 Qb8 22.Nxd7 Nxd7
23.dxc5 Nxc5 24.Bd5 Qb5 25.Bxa8 Nd3  1-0

[Event "Dreifluesse op 7th"]
[Site "Passau"]
[Date "1999.04.03"]
[Round "4"]
[White "Schiessl, Siegfried"]
[Black "Rottner, Wolfgang"]
[Result "0-1"]
[WhiteElo "1899"]
[BlackElo "1596"]

1.c4 c6 2.g3 d5 3.cxd5 cxd5 4.Bg2 e6 5.Nf3 Nf6 6.O-O Be7 7.d4 O-O 8.Nc3 Nc6
9.a3 b6 10.b4 Bb7 11.Bb2 Rc8 12.Rc1 Qd7 13.e3 Rfd8 14.Qd3 h6 15.Ne5 Qe8 16.f4 g6
17.h3 Kg7 18.g4 Nd7 19.Rf2 f6 20.Nxc6 Rxc6 21.f5 Nf8 22.fxe6 Rxe6 23.Re1 Bd6
24.Ref1 Rxe3 25.Qd2 Re6 26.Bc1 g5 27.Rf5 Bf4 28.R1xf4 gxf4 29.Qxf4 Re1+ 30.Kh2 Qg6
31.Rh5 Ne6 32.Qd2 Rxc1 33.Qxc1 Rc8 34.Qe3 Ng5 35.Nxd5 Bxd5 36.Qe7+ Bf7 37.h4 Ne6
38.Rf5 Nxd4 39.Be4 Re8 40.Rf4 Rxe7 41.Bxg6 Ne6  0-1

[Event "Dreifluesse op 7th"]
[Site "Passau"]
[Date "1999.04.04"]
[Round "5"]
[White "Luetzen, Matthias"]
[Black "Knopp, Ingmar"]
[Result "0-1"]
[WhiteElo "1597"]
[BlackElo "2055"]

1.c4 c6 2.e4 d6 3.d4 Nd7 4.Nf3 e5 5.Nc3 Be7 6.Be3 Ngf6 7.h3 O-O 8.Qd2 a5
9.a4 Re8 10.Be2 Nf8 11.d5 Ng6 12.Rd1 c5 13.O-O Bd7 14.Ne1 Nxe4 15.Nxe4 f5
16.Nxc5 dxc5 17.d6 Bf6 18.Bxc5 b6 19.Ba3 Bg5 20.Qc3 Bxa4 21.Nc2 Nf4 22.Rfe1 Bh4
23.c5 Qg5 24.g3 Bxc2 25.Qxc2 Nxh3+ 26.Kf1 f4 27.Bc4+ Kh8 28.gxh4 Qg1+ 29.Ke2 Qxf2+  0-1

[Event "Dreifluesse op 7th"]
[Site "Passau"]
[Date "1999.04.05"]
[Round "7"]
[White "Dahmen, Juergen"]
[Black "Apel, Klaus"]
[Result "0-1"]
[WhiteElo "1517"]
[BlackElo "1790"]

1.c4 c6 2.g3 e6 3.Bg2 d5 4.cxd5 exd5 5.Nf3 Nf6 6.O-O g6 7.Qc2 Bg7 8.Nc3 O-O
9.Rb1 Re8 10.d3 Nbd7 11.b4 Nf8 12.b5 c5 13.Re1 c4 14.dxc4 Bf5 15.e4 dxe4
16.Nh4 Qd5 17.Nxf5 gxf5 18.Nd1 Rac8 19.Ne3 Qc5 20.Bf1 Ne6 21.Ng2 Nd4 22.Qd1 Nf3+
23.Kh1 Nxe1 24.Qxe1 Ng4 25.Ne3 b6 26.Rb3 Rcd8 27.Ba3 Qc8 28.Bb2 Ne5 29.Qa1 Rd2
30.Qc1 Rxf2 31.Qe1 Rxh2+ 32.Kxh2 Nf3+  0-1

[Event "Dreifluesse op 7th"]
[Site "Passau"]
[Date "1999.04.05"]
[Round "7"]
[White "Reizniece, Dana"]
[Black "Knopp, Ingmar"]
[Result "0-1"]
[WhiteElo "2270"]
[BlackElo "2055"]

1.c4 c6 2.Nf3 Nf6 3.g3 g6 4.Nc3 d6 5.Bg2 e5 6.e4 Bg7 7.O-O O-O 8.d4 Qe7 9.h3 Re8
10.Be3 Nbd7 11.Re1 b6 12.Qd2 Nf8 13.d5 c5 14.a3 Bd7 15.Nh4 a6 16.Bf1 Rab8
17.b4 Nh5 18.Qc2 Qd8 19.Rab1 Nf4 20.Bxf4 exf4 21.Qd3 fxg3 22.fxg3 Bd4+ 23.Kh2 Qf6
24.Ne2 Bf2 25.Rec1 g5 26.Nf3 Ng6 27.Bg2 g4 28.Rf1 gxf3 29.Rxf2 Ne5 30.Qb3 Qh6
31.Bxf3 Bxh3 32.Kg1 Qg6 33.Nf4 Qxg3+ 34.Bg2 Qxb3 35.Rxb3 Bxg2 36.Rxg2+ Kf8
37.Nh5 Ke7 38.Ng3 Rg8 39.Kf2 Nxc4 40.Rf3 Ne5 41.Rf5 cxb4 42.axb4 Rbc8 43.Rg1 Rc2+
44.Ke3 Rg6 45.Rh5 Ng4+ 46.Kf3 Nf6 47.Rh4 Rc3+ 48.Kf2 Kd7 49.Nh5 Rxg1 50.Kxg1 Nxh5
51.Rxh5 Rc4 52.Rxh7 Ke7 53.Kf2 Rxe4 54.Kf3 Rxb4  0-1

[Event "Czerniak mem 15th"]
[Site "Tel Aviv"]
[Date "1999.04.06"]
[Round "7"]
[White "Zifroni, Dov"]
[Black "Karolyi, Tibor Jr"]
[Result "1-0"]
[WhiteElo "2501"]
[BlackElo "2432"]

1.c4 c6 2.e4 d5 3.exd5 cxd5 4.d4 Nf6 5.Nc3 e6 6.Nf3 Bb4 7.Qc2 dxc4 8.Bxc4 a6
9.O-O b5 10.Bb3 Bb7 11.d5 Nxd5 12.Nxd5 Bxd5 13.Bg5 Bxb3 14.axb3 Be7 15.Rfd1 Nd7
16.Bxe7 Kxe7 17.Ne5 Nxe5 18.Qc5+ Kf6 19.Rxd8 Rhxd8 20.f4  1-0

[Event "Budapest FS04 IM-B"]
[Site "Budapest"]
[Date "1999.04.08"]
[Round "6"]
[White "Pham Minh Hoang"]
[Black "Serrer, Christoph"]
[Result "1/2-1/2"]
[WhiteElo "2357"]
[BlackElo "2285"]

1.c4 c6 2.d4 d5 3.Nc3 Nf6 4.Nf3 dxc4 5.a4 Bf5 6.Ne5 Nbd7 7.Nxc4 Qc7 8.g3 e5
9.dxe5 Nxe5 10.Bf4 Nfd7 11.Bg2 f6 12.Rc1 Nc5 13.O-O Rd8 14.Qe1 a5 15.Rd1 Rxd1
16.Qxd1 Be6 17.Nd2 Be7 18.Qc2 O-O 19.Nce4 Nxe4 20.Bxe4 g6 21.Nf3 Bd6 22.Nxe5 Bxe5
23.Bxe5 Qxe5 24.Bxg6 hxg6  1/2-1/2

[Event "Hampstead IM-B 5th"]
[Site "London"]
[Date "1999.04.08"]
[Round "2"]
[White "Williams, Simon"]
[Black "Philippe, Denis"]
[Result "1-0"]
[WhiteElo "2367"]
[BlackElo "2045"]

1.c4 c6 2.Nc3 d5 3.cxd5 cxd5 4.d4 Nf6 5.Bf4 Nc6 6.e3 Bf5 7.Nf3 a6 8.Ne5 Qb6
9.Nxc6 bxc6 10.Qb3 Qd8 11.Be2 Bd7 12.O-O e6 13.Na4 Ne4 14.Rfc1 Bd6 15.Bxd6 Nxd6
16.Nc5 Bc8 17.Qa4 Nb5 18.Bxb5 cxb5 19.Qc2 O-O 20.Nd3 Bd7 21.Qc7 Qxc7 22.Rxc7 Rfd8
23.Ne5 Be8 24.Rac1 f6 25.Nd3 Rd7 26.Rxd7 Bxd7 27.Rc7 Bc8 28.b4 h6 29.Nf4 Kf8
30.Ng6+ Ke8  1-0

[Event "Golden Cleopatra op 3rd"]
[Site "Cairo"]
[Date "1999.04.11"]
[Round "1"]
[White "El Ghazali, Youssef M"]
[Black "Benhadi, Aziz Madani"]
[Result "1-0"]
[WhiteElo "2312"]
[BlackElo "2235"]

1.c4 c6 2.Nf3 Nf6 3.g3 d5 4.Bg2 e6 5.b3 Bd6 6.Bb2 Nbd7 7.O-O O-O 8.Na3 Qe7
9.Nc2 Rd8 10.d3 b6 11.Ncd4 Bb7 12.cxd5 cxd5 13.Nb5 Bb8 14.Ba3 Nc5 15.d4 Qe8
16.dxc5 Qxb5 17.Rc1 Qa5 18.c6 Bxc6 19.Be7 Rc8 20.Bxf6 gxf6 21.Qd4 Bd6 22.Qxf6 Bf8
23.Ng5 Be8 24.Rxc8 Rxc8 25.Nxe6 fxe6 26.Qxe6+ Bf7 27.Qxc8 Qxa2 28.Qg4+  1-0

[Event "Hampstead IM-B 5th"]
[Site "London"]
[Date "1999.04.12"]
[Round "6"]
[White "Williams, Simon"]
[Black "Houska, Jovanka"]
[Result "1/2-1/2"]
[WhiteElo "2367"]
[BlackElo "2286"]

1.c4 c6 2.d4 d5 3.cxd5 cxd5 4.Bf4 Nf6 5.Nc3 Nc6 6.e3 a6 7.Bd3 b5 8.Rc1 Bd7
9.Nf3 e6 10.Ne5 Bb4 11.O-O O-O 12.Nxd5 Nxd5 13.Nxc6 Bxc6 14.Rxc6 Nxf4 15.exf4 Qd5
16.Qc2 g6 17.a3 Be7 18.Rd1 Qd8 19.Be4 Rc8 20.d5 exd5 21.Bxd5 Rxc6 22.Bxc6 Qb6
23.Bd5 Rd8 24.b4 a5 25.Qb3 axb4 26.axb4 Kg7 27.g3 Qd6 28.Qc3+ Bf6 29.Qc5 Be7
30.Qxb5 Qxb4 31.Qe2 Bf6 32.Bf3 Rxd1+ 33.Qxd1 Qd4 34.Qe2 Qb2 35.Kg2 Qxe2 36.Bxe2 h6
37.Bc4 Bd4 38.f3 f6 39.Kf1 g5 40.f5 h5 41.Kg2 Kh6 42.Kh3 Be5 43.Bf7 Bb8 44.Bg6  1/2-1/2